The Tower of Fear (Record no. 350714)

000 -LEADER
fixed length control field 00854cam a2200289 a 4500
001 - CONTROL NUMBER
control field 3881030
003 - CONTROL NUMBER IDENTIFIER
control field OSt
005 - DATE AND TIME OF LATEST TRANSACTION
control field 20180116183024.0
008 - FIXED-LENGTH DATA ELEMENTS--GENERAL INFORMATION
fixed length control field 891004s1989 nyu 000 1 eng
010 ## - LIBRARY OF CONGRESS CONTROL NUMBER
LC control number 89192150
020 ## - INTERNATIONAL STANDARD BOOK NUMBER
International Standard Book Number 031293193X :
Terms of availability $16.95
040 ## - CATALOGING SOURCE
Original cataloging agency DLC
Transcribing agency DLC
Modifying agency DLC
050 00 - LIBRARY OF CONGRESS CALL NUMBER
Classification number PS3553.O5536
Item number T6 1989
082 00 - DEWEY DECIMAL CLASSIFICATION NUMBER
Classification number 813.54 COO 1991
Edition number 20
100 1# - MAIN ENTRY--PERSONAL NAME
Personal name Cook, Glen.
245 14 - TITLE STATEMENT
Title The Tower of Fear
Statement of responsibility, etc. Glen Cook.
250 ## - EDITION STATEMENT
Edition statement 1st ed.
260 ## - PUBLICATION, DISTRIBUTION, ETC.
Place of publication, distribution, etc. New York :
Name of publisher, distributor, etc. T. Doherty Associates,
Date of publication, distribution, etc. 1989.
300 ## - PHYSICAL DESCRIPTION
Extent 375 p. ;
Dimensions 22 cm.
440 ## - SERIES STATEMENT/ADDED ENTRY--TITLE
Title The Tower of Fear
500 ## - GENERAL NOTE
General note "A Tom Doherty Associates book."
500 ## - GENERAL NOTE
General note "A TOR book"--T.p. verso.
655 #7 - INDEX TERM--GENRE/FORM
Genre/form data or focus term Fantastic fiction.
Source of term gsafd
906 ## - LOCAL DATA ELEMENT F, LDF (RLIN)
a 7
b cbc
c orignew
d 2
e ncip
f 19
g y-gencatlg
942 ## - ADDED ENTRY ELEMENTS (KOHA)
Source of classification or shelving scheme
Koha item type Book
Holdings
Withdrawn status Lost status Source of classification or shelving scheme Damaged status Not for loan Collection code Permanent Location Current Location Shelving location Date acquired Total Checkouts Total Renewals Full call number Barcode Date last seen Date last checked out Price effective from Koha item type
            Central Library (CL) Central Library (CL) Fiction 12/02/2015 2 3 813.54 COO 1991 NBSD-2290 09/24/2024 03/07/2022 12/02/2015 Book
© 2023 Central Library, National University of Sciences and Technology. All Rights Reserved.